| 000 | 00743cam a2200265 4500 | ||
|---|---|---|---|
| 008 | 090401t1995 xxu||||| |||| 00| 0 eng d | ||
| 020 | _a0860174190 | ||
| 035 | _a(Sirsi) u56915 | ||
| 041 | _aeng | ||
| 050 | _a624.1517 | ||
| 100 | _aClayton, C. R. I. | ||
| 245 | 4 | _aThe standard penetration test (SPT): methods and use. | |
| 260 |
_aLondon _bCIRIA _c1995 |
||
| 300 | _a143p. : ill. ; 30cm. | ||
| 350 | _a48 | ||
| 490 |
_aCIRIA Report _v143 |
||
| 650 | _aGEOTECHNICS | ||
| 650 | _aGROUND INVESTIGATION | ||
| 650 | _aSOIL SURVEYS | ||
| 650 | _aSTANDARD PENETRATION TEST | ||
| 690 | _aMAPPING AND MEASUREMENT | ||
| 710 |
_aConstruction Industry Research and Information Association _94810 |
||
| 942 | _n0 | ||
| 948 | _c04/03/1997 | ||
| 999 |
_c93856 _d93856 |
||